[Event "EU-ch Online 2300+ Qual"]
[Site "Chess.com INT"]
[Date "2020.05.29"]
[Round "1"]
[White "Svetlov, Dmitry"]
[Black "Ioannidis, Evgenios"]
[Result "0-1"]
[WhiteElo "2358"]
[BlackElo "2401"]
[PlyCount "62"]
[EventDate "2020.05.29"]
[EventType "swiss"]
[EventRounds "8"]
[EventCountry "NET"]
[SourceTitle "CBM 196 Extra"]
[Source "ChessBase"]
[SourceDate "2020.07.31"]
[SourceVersion "1"]
[SourceVersionDate "2020.07.31"]
[SourceQuality "1"]

1. d4 d5 2. Bf4 Nf6 3. e3 e6 4. Nd2 Bd6 5. Ngf3 0-0 6. Bd3 Bxf4 7. exf4 b6 8. Qe2 a5 9. 0-0 Ba6 10. a4 c5 11. Bxa6 Nxa6 12. c3 Qd6 13. g3 Rfb8 14. Rfe1 Nd7 15. h4 Nc7 16. h5 h6 17. Kg2 Rb7 18. Rg1 Rab8 19. Ne5 cxd4 20. cxd4 Nxe5 21. fxe5 Qb4 22. Qd3 b5 23. b3 Qe7 24. Rgc1 Na6 25. Qc3 Nb4 26. Qc5 Qg5 27. Qc3 Qxh5 28. axb5 Rxb5 29. Nf3 Qg6 30. Qc8+ Rxc8 31. Rxc8+ Kh7 0-1